Παιδί και γεγονότα ζωής : αρρώστια, νοσηλεία, διαζύγιο, θάνατος

Αποθηκεύτηκε σε:
Λεπτομέρειες βιβλιογραφικής εγγραφής
Κύριος συγγραφέας: Λουμάκου, Μαρία
Άλλοι συγγραφείς: Μπρουσκέλη, Βασιλική
Μορφή: Βιβλίο
Γλώσσα:Greek
Δημοσίευση: Αθήνα : Gutenberg, 2010
Θέματα:
Ετικέτες: Προσθήκη ετικέτας
Δεν υπάρχουν, Καταχωρήστε ετικέτα πρώτοι!

MARC

LEADER 00000nam a2200000 i 4500
001 1/47564
008 140519s2010 gre d
020 |a 978-960-01-1399-0 
035 |l 10117679 
040 |a GR-MY-UA  |b gre  |e aacr 
041 0 |a gre 
082 0 |a 155.4  |2 (23) 
100 1 |a Λουμάκου, Μαρία. 
245 1 0 |a Παιδί και γεγονότα ζωής :  |b αρρώστια, νοσηλεία, διαζύγιο, θάνατος /  |c Μ. Λουμάκου, Β. Μπρουσκέλη 
260 |a Αθήνα :   |b Gutenberg,   |c 2010 
300 |a 181 σ.;  |c 24 εκ. 
504 |a Περιλαμβάνει βιβλιογραφικές παραπομπές 
650 0 0 |a Grief in children. 
650 0 0 |a Parent and child. 
650 0 0 |a Children and death. 
650 0 0 |a Children of divorced parents. 
650 0 0 |a Children  |x Hospital care  |x Psychological aspects. 
650 0 0 |a Bereavement in children. 
700 1 |a Μπρουσκέλη, Βασιλική. 
852 |a INST  |b RHODES  |c EUDOXUS  |e 20140519  |h 155.4 ΛΟΥ  |p 005400036501  |q 005400036501  |t EDX  |y 0 
901 |a BIBL4-2014-2 
909 |a Ρ  |b 183003 
920 |a ΕΥΔΟΞΟΣ  |b ΠΑΡΑΓΓΕΛΙΑ  |y ΡΟΔΟΣ-ΠΤΔΕ  |z 2014-05 
922 |a 4ΕΛΗ 
970 |z 2014/05/19